Quiz Star Wars #2 - Statistiques

Statistiques générales
  • Ce quiz a été pris 169 fois
    145 depuis la dernière actualisation
  • Le résultat moyen est 8 sur 10
Statistiques - réponses
Question Réponse % Correct
Quel personnage déclare: "je suis ton père" ? Dark Vador
100%
Qui est révélé comme étant le jumeau de Luke la fin de la saga (mais non explicitement dans cet épisode) ? Leia Organa
98%
Quelle planète glacée sert de base à l'Alliance Rebelle au début du film ? Hoth
95%
Où Han Solo est-il emprisonné à la fin du film ? Dans la carbonite
92%
Quel est le nom de la ville dans les nuages au Lando Calrissian et administrateur ? Cité des Nuages (Bespin)
90%
Qui entraîne Luke Skywalker pour devenir un Jedi dans cet épisode ? Yoda
85%
Quelle créature attaque Luc dans la grotte sur la planète Hoth ? Un Wampa
78%
Quelle est la couleur du sabre laser de Luke Skywalker dans cet épisode ? Bleu
71%
Qui capture Han Solo pour le livret à Jabba le Hutt ? Boba Fett
68%
Comment s'appelle l'amiral impérial qui dirige la flotte ennemi à la poursuite de l'Alliance Rebelle ? Amiral Piett
25%
Aucun quiz correspondant
Distribution des résultats
% des personnes avec chaque résultat
Percentile par nombre de réponses
Votre historique - résultats
Vous n’avez pas pris ce quiz depuis la dernière actualisation